000 00778nam a2200181 i 4500
001 190264
003 ES-MaACL
005 20230906223700.0
008 201002s1863 sp |||| | spa d
080 _a334.71(460.27 M.)(060.55)
110 2 _aSociedad General de Crédito Mobiliario Español.
_9164321
245 1 0 _aMemoria presentada por el Consejo de Administración y leída en la Junta General de accionistas el día 11 de mayo de 1863 / Sociedad General de Crédito Moviliario Español ; presidencia del Sr. Osma.
260 _aMadrid :
_b[s.n.],
_c1863 (
_fImp. y Est. de M. Rivadeneyra)
300 _a21 p. ;
_c26 cm.
610 2 4 _aSociedad General de Crédito Mobiliario Español-
_vMemorias.
_9170199
852 4 _aES-MaACL
_jT-75-F-3
852 4 _aES-MaACL
_jT-75-F-9
999 _c190264
_d190264